Software Engineering : a Practitioner's Approach / Roger S. Pressman (Registro nro. 12624)
[ vista simple ]
| 000 -LÍDER | |
|---|---|
| fixed length control field | 00525nam a2200169 4500 |
| 008 - ELEMENTOS DE LONGITUD FIJA -- INFORMACIÓN GENERAL | |
| fixed length control field | 0 1997 0a 000 0USA |
| 020 ## - NÚMERO INTERNACIONAL NORMALIZADO PARA LIBROS | |
| ISBN | 0-07-052182-4 |
| 050 ## - SIGNATURA TOPOGRAFICA DE LA BIBLIOTECA DEL CONGRESO (LC) | |
| Número de Clasificación | QA76.6 P73 1997 |
| 082 ## - NUMERO DE CLASIFICACION DECIMAL DEWEY | |
| Número de Clasificación | 001.642.5 P666s |
| 100 ## - ASIENTO PRINCIPAL--NOMBRE PERSONAL | |
| Nombre personal | Pressman, Roger S. |
| 245 ## - TÍTULO | |
| Título | Software Engineering : a Practitioner's Approach / Roger S. Pressman |
| 250 ## - MENCIÓN DE EDICIÓN | |
| Mención de edición | 4 |
| 260 ## - PUBLICACIÓN, DISTRIBUCIÓN, ETC. (PIE DE IMPRENTA) | |
| Lugar de publicación, distribución, etc. | Singapore : McGraw-Hill |
| 300 ## - DESCRIPCIÓN FÍSICA | |
| Extensión | xxvii, 852 p. / 24 cm. |
| 500 ## - NOTA GENERAL | |
| Nota general | Contiene Index |
| 650 ## - ASIENTO SECUNDARIO DE MATERIA - TERMINO TEMÁTICO | |
| Término temático o nombre geográfico como elemento de entrada | 1.COMPUTADORAS ELECTRONICAS DIGITALES - PROGRAMACION |
| No. biblioteca | No. biblioteca | Número de clasificación | Código de barras/Número de adquisición | Número de copia | Tipo de material |
|---|---|---|---|---|---|
| LUIS G. INCLAN | LUIS G. INCLAN | 001.642.5 P666s | 33292 | 1 | Libros |
| LUIS G. INCLAN | LUIS G. INCLAN | 001.642.5 P666s | 33951 | 3 | Libros |
